Last Five World Capitals Alphabetically by Continent - Statistics

General Stats
  • This quiz has been taken 4,664 times
    4,634 since last reset
  • The average score is 17 of 30
Answer Stats
Continent Country % Correct
North America Washington, D.C
89%
Oceania Wellington
82%
South America Santiago
80%
Europe Zagreb
80%
South America Quito
75%
Europe Warsaw
69%
South America Montevideo
67%
Europe Vatican City
65%
South America Paramaribo
63%
Asia Ulaanbaatar
61%
Europe Vienna
61%
South America Sucre
60%
Europe Vilnius
60%
Asia Tokyo
57%
Asia Yerevan
51%
North America San Salvador
49%
Oceania Suva
49%
North America Santo Domingo
48%
Asia Vientiane
48%
Africa Windhoek
48%
Oceania Yaren
48%
North America San Jose
47%
North America Tegucigalpa
47%
Africa Tunis
46%
Africa Yaoundé
43%
Africa Yamoussoukro
39%
Oceania South Tarawa
37%
Oceania Port Vila
33%
Africa Victoria
30%
Asia Thimphu
29%
No matching quizzes found
Score Distribution
Percent of People with Each Score
Percentile by Number Answered
Your Score History
You have not taken this quiz since the last reset